00401nam a2200145Ia 450000500170000000800410001702000150005808200130007310000180008624500180010425000270012226000380014930000130018750000550020020250702022635.0240331s9999 xx 000 0 und d a9555530939 bRATa390 aRatnapala,E.M 0aLankawe weddo aRevised Second Edition aWarakapolabArya publishersc1996 a100 p ., aA research thesis on the Vedda people of Sri Lanka